| 000 | 00000nam##2200000za#4500 |
| 001 | 9.579355 |
| 003 | CaOODSP |
| 005 | 20210624190525 |
| 007 | cr ||||||||||| |
| 008 | 150406|2002||||xxc|||||o f|0| 0 eng|d |
| 022 | |a1488-5379 |
| 040 | |aCaOODSP|beng |
| 043 | |an-cn--- |
| 086 | 1 |aFs97-6/2435E-PDF |
| 110 | 1 |aCanada. |bDepartment of Fisheries and Oceans. |
| 245 | 12|aA chemical and ecotoxicological assessment of marine tailings disposal at two former Copper Mine sites in Newfoundland / |h[electronic resource]|cby G. Veinott ... [et al.] |
| 260 | |aSt. John's - Newfoundland and Labrador : |bFisheries and Oceans Canada |c2002. |
| 300 | |a64p.|bfigs. (some coloured), tables |
| 490 | 1 |aCanadian technical report of fisheries and aquatic sciences|x1488-5379|vNo. 2435 |
| 500 | |aOn t. p. : Northwest Atlantic Fisheries Centre, St John's, NL. The catalogue number and ISSN for the print edition appear in the PDF version. |
| 546 | |a(Résumé en français) |
| 590 | |a14-06-Supp|b2014-03-21 |
| 720 | 1 |aVeinott, G. |
| 830 | #0|aCanadian technical report of fisheries and aquatic sciences,|x1488-5379|vNo. 2435|w(CaOODSP)9.504449 |
| 856 | 40|ahttp://publications.gc.ca|qPDF|s12.55 MB|uhttps://publications.gc.ca/collections/collection_2014/mpo-dfo/Fs97-6-2435-eng.pdf|yNo. 2435 |